000 01831 a2200217 4500
020 _a8172246668
020 _a9788172246662
090 _c290
_d290
100 1 _aLoshin, Peter.
245 1 0 _aElectronic commerce /
_cPeter Loshin.
260 _a[S.l.] :
_bJaico Publishing House,
_c2005.
300 _a1 v. (unpaged)
500 _aHardcover.
520 _aThe fourth edition of this best-selling title gives a complete overview of the electronic commerce environment. It has been revised and completely updated to reflect the most recent trends in e-commerce, including new material on security technologies, server options, enterprise applications, and investing online. Covering everything from fundamental security issues to future trends, this comprehensive guide provides a thorough knowledge of electronic commerce and the tools needed to conduct business on the Internet. Key Features: * Includes new material on mobile electronic commerce, security technologies, server options, enterprise applications, investing online, smart cards, EDI, intellectual property issues, and supply chain management * Discusses security protocols, e.g., SSL, Java solutions and digital signatures * Provides a thorough discussion of various Internet security issues, e.g., SSL, S-HTTP, Java security, WAP, routers, firewalls, and public key encryption. * Vignettes, sidebars, and case studies apply theory to practical examples Includes a comprehensive glossary, EDI transaction codes, and e-commerce online resources.
650 4 _aBusiness & Management.
650 4 _aInternet.
700 1 _aMurphy, Paul.
856 4 0 _3Amazon.com
_uhttp://www.amazon.com/exec/obidos/ASIN/8172246668/chopaconline-20
856 4 0 _3Amazon customer reviews
_uhttp://www.chopac.org/cgi-bin/tools/azrev.pl?q=8172246668
942 _aNBS
_cBK
_k658.84 LOS
999 _c342859
_d342859